000 01030nam a22001817a 4500
003 OSt
005 20251113093701.0
008 251113b |||||||| |||| 00| 0 eng d
040 _cDCL
082 _a၂၉၄.၃၈၂၃၅၆
130 _aတိပိဋက။
_pသုတ္တန္တပိဋက။
_pခုဒ္ဒကနိကာယ။
_tထေရီအပဒါန်၊
_lပါဠိတော်၊
_sနိဿယ။
245 _aထေရီအပါဒါန် ပါဠိတော်နိဿယ /
_cအသျှင်ဇာဂရမထေရ်။
264 _aမန္တလေး ၊
_bမန္တလေးတောင်ပိဋကတ် စာပုံနှိပ်တိုက်၊
_c၁၉၂၇။
300 _a၁၀၃ စာမျက်နှာ ၊
_c၂၆ စင်တီ။
650 _aထေရီအပါဒါန်
_vပါဠိတော် နိဿယ။
700 _aဇာဂရမထေရ်၊ အသျှင်
942 _2ddc
_cSHORT TERM
_n0
999 _c2461
_d2461